|
|
|
|
| LEADER |
02446cam a2200457 i 4500 |
| 001 |
nkc20193077073 |
| 003 |
CZ PrNK |
| 005 |
20190429075510.0 |
| 007 |
ta |
| 008 |
190212s2019 xr g 000 f cze d |
| 015 |
|
|
|a cnb003077073
|
| 020 |
|
|
|a 978-80-243-8630-0
|q (vázáno)
|
| 035 |
|
|
|a (OCoLC)1100764816
|
| 040 |
|
|
|a TUG001
|b cze
|d ABG001
|d OLA001
|e rda
|
| 072 |
|
7 |
|a 821.162.3-3
|x Česká próza
|2 Konspekt
|9 25
|
| 080 |
|
|
|a 821.162.3-31
|2 MRF
|
| 080 |
|
|
|a (0:82-312.4)
|2 MRF
|
| 100 |
1 |
|
|a Mičanová, Daniela,
|d 1972-
|7 jn20010524008
|4 aut
|
| 245 |
1 |
0 |
|a Smrt v recepci /
|c Daniela Mičanová
|
| 250 |
|
|
|a Vydání první
|
| 264 |
|
1 |
|a Brno :
|b MOBA,
|c 2019
|
| 300 |
|
|
|a 287 stran ;
|c 19 cm
|
| 336 |
|
|
|a text
|b txt
|2 rdacontent
|
| 337 |
|
|
|a bez média
|b n
|2 rdamedia
|
| 338 |
|
|
|a svazek
|b nc
|2 rdacarrier
|
| 490 |
1 |
|
|a Původní česká detektivka ;
|v 297. svazek
|
| 490 |
1 |
|
|a Krimi
|
| 520 |
2 |
|
|a Detektivní román zkušené české autorky nás opět zavádí na jih Moravy, kde probíhá vyšetřování několikanásobné vraždy.
|b Vyšetřování zločinu se opět ujme zkušená policistka Bronislava Drábková a její tým, a kvůli významu případu na ně tentokrát dohlíží velitel brněnské mordparty major Mrázek. V malé jihomoravské vesnici Hradice totiž došlo v areálu továrny na výrobu automobilových součástek ke dvojnásobné vraždě. Obětmi zločinu jsou recepční a uklízečka, každá zavražděná trochu jinak a hned od počátku se zdá, že i motivy činů budou různé. Kdo byl zamýšlenou obětí, a proč měl zemřít? Stala se druhá oběť jen náhodným svědkem, nebo je všechno přesně naopak? Tým vyšetřovatelů se musí ponořit do spletitých pracovních i osobních vztahů podniku a odhalit, kdo skrývá informace, které by mohly napomoci odhalení pachatele.
|
| 655 |
|
7 |
|a české romány
|7 fd133974
|2 czenas
|
| 655 |
|
7 |
|a detektivní romány
|7 fd132010
|2 czenas
|
| 655 |
|
9 |
|a Czech fiction
|2 eczenas
|
| 655 |
|
9 |
|a detective novels
|2 eczenas
|
| 830 |
|
0 |
|a Původní česká detektivka
|0 s
|
| 830 |
|
0 |
|a Krimi (MOBA)
|0 s
|
| 910 |
2 |
|
|a BOA001
|b 1-1424.192
|
| 920 |
|
|
|a 4462239
|z ABG001
|
| 990 |
|
|
|a BK
|
| 995 |
|
|
|a 01
|
| 991 |
|
|
|b 201903
|c NOV
|
| 996 |
6 |
|
|b 2610772715
|c 1-1424.192
|l MZK
|r Sklad / do 1 hodiny
|n 2
|p p.v.
|w 001710294
|u 000010
|a 1
|e BOA001
|j MZK50
|s P
|
| 996 |
7 |
|
|b 2610772716
|c 1-1424.192
|l MZK
|r Sklad / do 1 hodiny
|n 6
|p p.v.
|w 001710294
|u 000020
|a 1
|e BOA001
|j MZK50
|s A
|